[Event "SR 5. liga SE-SI 2012/2013"]
[Site "?"]
[Date "2013.02.09"]
[Round "11.2"]
[White "Babic, Stefan"]
[Black "Tomasovic, Pavol"]
[Result "0-1"]
[WhiteElo "1000"]
[BlackElo "1304"]
[PlyCount "72"]
[EventDate "2012.??.??"]

1. d4 d5 2. Nc3 e6 3. e4 Bb4 4. Nge2 c5 5. Qd3 Nc6 6. Bd2 Qb6 7. Qb5 Bd7 8.
Qxb6 axb6 9. Nb5 Bxd2+ 10. Kxd2 Ke7 11. f3 Nf6 12. e5 Ne8 13. c3 f6 14. f4 Na5
15. Nc1 c4 16. b3 Bxb5 17. Rb1 Nc7 18. a4 Bd7 19. Be2 b5 20. Bd1 bxa4 21. bxa4
b5 22. axb5 Bxb5 23. Rf1 Rhb8 24. Ra1 Nc6 25. Rb1 Ba4 26. Rxb8 Nxb8 27. Ke1
Bxd1 28. Kxd1 Nb5 29. Kd2 Nc6 30. Rf3 Na5 31. Rh3 Nb3+ 32. Kd1 Ra1 33. Kc2
Rxc1+ 34. Kb2 Rg1 35. g3 Rg2+ 36. Kb1 Na3# 0-1

[Event "SR 5. liga SE-SI 2012/2013"]
[Site "?"]
[Date "2013.02.09"]
[Round "11.3"]
[White "Leska, Marian"]
[Black "Sladek, Michal"]
[Result "1-0"]
[WhiteElo "1701"]
[BlackElo "1000"]
[PlyCount "65"]
[EventDate "2012.??.??"]

1. d4 d5 2. c4 Nf6 3. e3 Bf5 4. Nc3 e6 5. Nf3 h6 6. a3 c5 7. cxd5 exd5 8. Be2
Ne4 9. Bd2 c4 10. Ne5 Nxc3 11. Bxc3 Nd7 12. Bg4 Bxg4 13. Qxg4 Nxe5 14. dxe5 Qc8
15. Qg3 Qe6 16. O-O O-O-O 17. Rfd1 g5 18. Bd4 a6 19. Rac1 Kb8 20. f4 Be7 21.
Qf2 f5 22. Qd2 b6 23. a4 a5 24. Bc3 Bc5 25. Kf1 gxf4 26. exf4 h5 27. Bd4 Rc8
28. Qe3 Bxd4 29. Qxd4 Rcd8 30. Rd2 Kc7 31. b3 h4 32. bxc4 h3 33. cxd5+ 1-0

[Event "SR 5. liga SE-SI 2012/2013"]
[Site "?"]
[Date "2013.02.09"]
[Round "11.3"]
[White "Cambal, Peter"]
[Black "Baumgartner, Milan"]
[Result "0-1"]
[WhiteElo "1000"]
[BlackElo "1558"]
[PlyCount "84"]
[EventDate "2012.??.??"]

1. e4 e5 2. f4 exf4 3. Nf3 g5 4. Bc4 f6 5. O-O Bg7 6. d4 d6 7. h3 Qe7 8. Nbd2
Be6 9. Bxe6 Qxe6 10. d5 Qf7 11. Qe2 a6 12. a4 Ne7 13. Qc4 Ng6 14. Ra3 O-O 15.
b4 Rc8 16. Nb3 Nd7 17. Nfd4 Nde5 18. Qc3 c6 19. dxc6 bxc6 20. Nf5 Qd7 21. Rd1
d5 22. Nc5 Qa7 23. g3 f3 24. Be3 Nc4 25. Ne6 Nxe3 26. Qxe3 Qxe3+ 27. Rxe3 Bf8
28. c3 dxe4 29. Rxe4 a5 30. Nxf8 Rxf8 31. Nh6+ Kg7 32. Nf5+ Kh8 33. Rd7 Rad8
34. Ra7 axb4 35. Rxb4 Rb8 36. Rc4 Rfe8 37. Kf2 Rb2+ 38. Kxf3 Ne5+ 39. Ke4 Nxc4+
40. Kd4 Ne5 41. Ng7 Rd8+ 42. Kc5 Rd5# 0-1

[Event "SR 5. liga SE-SI 2012/2013"]
[Site "?"]
[Date "2013.02.09"]
[Round "11.3"]
[White "Bartos, Bohumil"]
[Black "Horak, Viliam"]
[Result "1-0"]
[WhiteElo "1533"]
[BlackElo "1000"]
[PlyCount "85"]
[EventDate "2012.??.??"]

1. d4 d5 2. c4 Nf6 3. Nc3 Be6 4. c5 Bf5 5. Bf4 Ne4 6. Nb5 c6 7. Nc7+ Kd7 8.
Nxa8 Qa5+ 9. Bd2 Nxd2 10. Qxd2 Qxd2+ 11. Kxd2 Be4 12. f3 Bg6 13. e3 e6 14. Ne2
Na6 15. Nf4 Nxc5 16. dxc5 Bxc5 17. Nxg6 hxg6 18. Rc1 b6 19. Nxb6+ axb6 20. a3
d4 21. exd4 Bxd4 22. Rc2 Be5 23. Bd3 Bxh2 24. Kd1 c5 25. g4 f5 26. Rcxh2 Rd8
27. Rd2 Ke7 28. Re1 Kf6 29. Bc4 Rxd2+ 30. Kxd2 fxg4 31. Rxe6+ Kf7 32. Rxb6+ Ke7
33. fxg4 Kd7 34. Rxg6 Kc7 35. Rxg7+ Kc6 36. g5 Kd6 37. g6 Ke5 38. Rf7 Kd4 39.
g7 Ke5 40. g8=Q Kd4 41. Qg4+ Ke5 42. Qe6+ Kd4 43. Rf4# 1-0

[Event "SR 5. liga SE-SI 2012/2013"]
[Site "?"]
[Date "2013.02.09"]
[Round "11.3"]
[White "Grunner, Slavomir"]
[Black "Rajcak, Milan"]
[Result "0-1"]
[WhiteElo "1000"]
[BlackElo "1000"]
[PlyCount "26"]
[EventDate "2012.??.??"]

1. e4 e5 2. Nc3 Nf6 3. d3 c6 4. Be3 d5 5. Rb1 d4 6. Nce2 dxe3 7. fxe3 Ng4 8. h3
Nxe3 9. Qd2 Bc5 10. d4 exd4 11. Nxd4 Bxd4 12. Be2 Qh4+ 13. g3 Qxg3# 0-1

[Event "SR 5. liga SE-SI 2012/2013"]
[Site "?"]
[Date "2013.02.09"]
[Round "11.3"]
[White "Pekar, Pavol"]
[Black "Steiner, Juraj"]
[Result "1-0"]
[WhiteElo "1000"]
[BlackElo "1000"]
[PlyCount "75"]
[EventDate "2012.??.??"]

1. d4 d5 2. Nc3 Nc6 3. Bf4 Bf5 4. a3 Nf6 5. Nb5 a6 6. Nxc7+ Kd7 7. Nxa8 Qxa8 8.
h3 Qa7 9. e3 b5 10. Bd3 Ne4 11. Nf3 e6 12. Ne5+ Nxe5 13. Bxe5 f6 14. Bh2 g6 15.
O-O Bh6 16. Qe2 Rb8 17. c3 Rb7 18. f3 Qb6 19. fxe4 dxe4 20. Bc2 a5 21. g4 e5
22. gxf5 b4 23. Bxe4 Qc7 24. Bxb7 Qxb7 25. fxg6 hxg6 26. Rxf6 exd4 27. Rf7+ Kc8
28. Rxb7 Kxb7 29. Qb5+ Kc8 30. exd4 Be3+ 31. Kg2 Bd2 32. Qc5+ Kd7 33. axb4 axb4
34. Qxb4 g5 35. Qd6+ Ke8 36. Ra8+ Kf7 37. Ra7+ Kg8 38. Qb8# 1-0

[Event "SR 5. liga SE-SI 2012/2013"]
[Site "?"]
[Date "2013.02.23"]
[Round "12.1"]
[White "Sladek, Michal"]
[Black "Kanka, Tomas"]
[Result "0-1"]
[WhiteElo "1000"]
[BlackElo "1435"]
[PlyCount "48"]
[EventDate "2012.??.??"]

1. e4 Nc6 2. Nc3 e5 3. a3 Nf6 4. Bc4 Bc5 5. d3 O-O 6. Nd5 Nxd5 7. Bxd5 Qh4 8.
g3 Qf6 9. f3 d6 10. Qe2 Nd4 11. Qg2 c6 12. Bc4 b5 13. Ba2 Be6 14. c3 Nb3 15.
Bxb3 Bxb3 16. Ne2 a5 17. Bd2 b4 18. Nc1 bxc3 19. Bxc3 Qe6 20. Qd2 f5 21. Bxa5
fxe4 22. fxe4 Bf2+ 23. Ke2 Qg4+ 24. Kf1 Be3+ 0-1

[Event "SR 5. liga SE-SI 2012/2013"]
[Site "?"]
[Date "2013.02.23"]
[Round "12.1"]
[White "Hurban, Tomas"]
[Black "Cambal, Peter"]
[Result "1-0"]
[WhiteElo "1352"]
[BlackElo "1000"]
[PlyCount "59"]
[EventDate "2012.??.??"]

1. d4 d5 2. Nf3 Nc6 3. Bf4 Nf6 4. e3 e6 5. Bb5 Bd7 6. h3 Ne4 7. Nbd2 Bd6 8. g3
Bxf4 9. gxf4 Nd6 10. Bxc6 Bxc6 11. Ne5 Bb5 12. a4 Ba6 13. Rg1 O-O 14. Qh5 Nc4
15. Ndf3 Nxe5 16. fxe5 Qe7 17. c3 c5 18. O-O-O b5 19. Qh6 g6 20. h4 Kh8 21. h5
Rg8 22. Ng5 Rg7 23. Rg3 f6 24. exf6 Qxf6 25. Rf3 Qe7 26. Rh1 Qe8 27. Rf6 gxh5
28. Rxe6 Qg6 29. Rxg6 Rxg6 30. Qxh7# 1-0

[Event "SR 5. liga SE-SI 2012/2013"]
[Site "?"]
[Date "2013.02.23"]
[Round "12.1"]
[White "Svrcek, Daniel"]
[Black "Kridl, Oliver"]
[Result "0-1"]
[WhiteElo "1000"]
[BlackElo "1000"]
[PlyCount "104"]
[EventDate "2012.??.??"]

1. e4 e6 2. d4 d5 3. Nc3 Nf6 4. Bd3 c5 5. dxc5 Bxc5 6. Nf3 O-O 7. O-O Bb4 8.
Bd2 Bxc3 9. Bxc3 dxe4 10. Bxf6 Qxf6 11. Bxe4 Nd7 12. Rb1 Rd8 13. Qd4 Qxd4 14.
Nxd4 Nc5 15. Bd3 Rxd4 16. Rbd1 Nxd3 17. Rxd3 Rxd3 18. cxd3 b6 19. Rd1 Ba6 20.
d4 Bb7 21. b4 Rc8 22. a4 g6 23. h3 Rc4 24. a5 Rxb4 25. axb6 axb6 26. Kh2 Rc4
27. Rd2 Bd5 28. f3 Rc8 29. g4 Bxf3 30. Kg3 Bd5 31. Kh4 b5 32. Kg5 Kg7 33. h4 b4
34. Rb2 b3 35. Rd2 Rc2 36. Rd1 Rf2 37. h5 h6+ 38. Kh4 g5+ 39. Kg3 Rc2 40. Rb1
b2 41. Rxb2 Rxb2 42. Kh3 Rd2 43. Kg3 Rxd4 44. Kh3 e5 45. Kg3 e4 46. Kf2 Rd3 47.
Ke2 Ra3 48. Kd2 e3+ 49. Ke2 Bc4+ 50. Kf3 e2+ 51. Ke4 e1=Q+ 52. Kf5 Qe6# 0-1

[Event "SR 5. liga SE-SI 2012/2013"]
[Site "?"]
[Date "2013.02.23"]
[Round "12.1"]
[White "Rajec, Matus"]
[Black "Horak, Viliam"]
[Result "1-0"]
[WhiteElo "1000"]
[BlackElo "1000"]
[PlyCount "87"]
[EventDate "2012.??.??"]

1. e4 e5 2. Qh5 d5 3. Qxe5+ Be6 4. exd5 Qxd5 5. Qxc7 Nf6 6. Qg3 Bf5 7. Qe3+ Be7
8. d3 Nbd7 9. Nc3 Qe5 10. Nf3 Qxe3+ 11. Bxe3 O-O 12. O-O-O Bg4 13. Be2 Rad8 14.
h3 Be6 15. Bxa7 Nd5 16. Nxd5 Bxd5 17. a3 Ba2 18. g4 Ne5 19. Nxe5 Bg5+ 20. Be3
Rd5 21. Bxg5 Rxe5 22. Be3 Rc8 23. b3 Bxb3 24. Kd2 Bxc2 25. Rc1 Ra5 26. Rxc2
Rxc2+ 27. Kxc2 Rxa3 28. Rc1 g6 29. Bd4 Ra8 30. Ra1 Rxa1 31. Bxa1 Kf8 32. Bf3 b6
33. Bd4 b5 34. Bc6 b4 35. Bc5+ Kg7 36. d4 Kf6 37. d5 Kg7 38. d6 Kf8 39. d7+ Kg8
40. d8=Q+ Kg7 41. Qf8+ Kf6 42. Bd4+ Kg5 43. Qe7+ Kf4 44. Qe5# 1-0

[Event "SR 5. liga SE-SI 2012/2013"]
[Site "?"]
[Date "2013.02.23"]
[Round "12.1"]
[White "Sefcik, Marek"]
[Black "Skrabakova, Monika"]
[Result "0-1"]
[WhiteElo "1000"]
[BlackElo "1000"]
[PlyCount "24"]
[EventDate "2012.??.??"]

1. e4 e5 2. Bc4 Nf6 3. Nc3 Bc5 4. Nf3 O-O 5. Nxe5 d6 6. Nf3 Qe7 7. O-O Bg4 8.
d3 c6 9. h3 d5 10. exd5 Qd6 11. hxg4 Nxg4 12. Nh2 Qxh2# 0-1

[Event "SR 5. liga SE-SI 2012/2013"]
[Site "?"]
[Date "2013.02.23"]
[Round "12.2"]
[White "Wallner, Juraj"]
[Black "Beran, Jan st"]
[Result "0-1"]
[WhiteElo "1495"]
[BlackElo "1703"]
[PlyCount "66"]
[EventDate "2012.??.??"]

1. e4 e5 2. Nf3 d6 3. Bc4 Be7 4. d4 exd4 5. Nxd4 Nf6 6. Nc3 O-O 7. h3 Bd7 8.
O-O Nc6 9. Nf5 Bxf5 10. exf5 Nd7 11. a4 Rb8 12. f4 Nb6 13. Bb3 Bf6 14. Ne4 Nd4
15. g4 Nxb3 16. cxb3 d5 17. Nxf6+ Qxf6 18. a5 Na8 19. Qxd5 c6 20. Qg2 Rbd8 21.
Be3 Rd3 22. Bxa7 Rxb3 23. Rf2 Nc7 24. Qe4 Re8 25. Qc4 Ree3 26. Bxe3 Rxe3 27.
Kg2 Qh4 28. Rh1 Nd5 29. Rf3 Qf6 30. Qc2 Qe7 31. Kf2 Rxf3+ 32. Kxf3 Qe3+ 33. Kg2
Nxf4+ 0-1

[Event "SR 5. liga SE-SI 2012/2013"]
[Site "?"]
[Date "2013.02.23"]
[Round "12.2"]
[White "Sukopcak, Miroslav"]
[Black "Nemeckay, Dominik"]
[Result "0-1"]
[WhiteElo "1712"]
[BlackElo "1424"]
[PlyCount "85"]
[EventDate "2012.??.??"]

1. e4 e5 2. c3 Nf6 3. f3 Nc6 4. Bc4 Bc5 5. Ne2 d5 6. exd5 Nxd5 7. b4 Bb6 8. b5
Nce7 9. d4 exd4 10. cxd4 O-O 11. O-O Nf5 12. Qb3 Nxd4 13. Nxd4 Bxd4+ 14. Kh1
Bxa1 15. Bxd5 Qe7 16. Be3 Be5 17. Nd2 Be6 18. Ne4 Qd7 19. Bxe6 Qxe6 20. Qc2
Rfd8 21. Nc5 Qd5 22. a4 b6 23. Ne4 Qd3 24. Qc1 Bb2 25. Qe1 Rd7 26. Nf2 Qc3 27.
Qe2 Rad8 28. Ne4 Qd3 29. Qf2 Bd4 30. Bxd4 Rxd4 31. Rg1 f5 32. Ng5 Qd2 33. Qg3
h6 34. Nh3 g5 35. Qxc7 g4 36. Qc6 R8d7 37. Qg6+ Rg7 38. Qe6+ Rf7 39. Qg6+ Kf8
40. fxg4 fxg4 41. Qe6 gxh3 42. Qxh3 Qf4 43. Qe3 0-1

[Event "SR 5. liga SE-SI 2012/2013"]
[Site "?"]
[Date "2013.02.23"]
[Round "12.2"]
[White "Tomasovic, Roman"]
[Black "Vasek, Rudolf"]
[Result "0-1"]
[WhiteElo "1277"]
[BlackElo "1453"]
[PlyCount "86"]
[EventDate "2012.??.??"]

1. d4 d5 2. c4 c6 3. b3 f5 4. Nf3 Nf6 5. Nc3 e6 6. Bd2 Be7 7. e3 Nbd7 8. Be2
Ne4 9. O-O Nxd2 10. Qxd2 Bb4 11. a3 Bxc3 12. Qxc3 Nf6 13. Ne5 O-O 14. f4 Ne4
15. Qc1 g5 16. Qe1 g4 17. Bd3 Qe7 18. Bxe4 dxe4 19. c5 Qg7 20. g3 Rf6 21. Rf2
h5 22. Raa2 Bd7 23. Qa5 Be8 24. Qc3 Rh6 25. b4 h4 26. Rg2 hxg3 27. Rxg3 Rh4 28.
Rag2 Kh8 29. d5 exd5 30. Ng6+ Bxg6 31. Qxg7+ Kxg7 32. Rc2 Rd8 33. Rd2 Rhh8 34.
Rd4 Rh3 35. a4 Rxg3+ 36. hxg3 Kf6 37. a5 Ke6 38. Kg2 Rg8 39. Rd2 d4 40. exd4
Kd5 41. Rc2 Kxd4 42. Rd2+ Kc4 43. Rd6 Bf7 0-1

[Event "SR 5. liga SE-SI 2012/2013"]
[Site "?"]
[Date "2013.02.23"]
[Round "12.2"]
[White "Drozd, Jan"]
[Black "Tomasovic, Pavol"]
[Result "1-0"]
[WhiteElo "1000"]
[BlackElo "1304"]
[PlyCount "47"]
[EventDate "2012.??.??"]

1. e4 e6 2. d4 d5 3. e5 c5 4. c3 Nc6 5. Nf3 cxd4 6. cxd4 Qb6 7. Be2 Nh6 8. Bxh6
Qxb2 9. Nbd2 gxh6 10. Nb3 Bb4+ 11. Kf1 Rg8 12. g3 a5 13. Bb5 a4 14. Nc5 Bc3 15.
Bxc6+ bxc6 16. Rc1 Ba6+ 17. Nxa6 Rxa6 18. Rb1 Qxa2 19. Rb8+ Ke7 20. Rxg8 Qb2
21. Kg2 a3 22. Ne1 Bxe1 23. Rxe1 a2 24. Qf3 1-0

[Event "SR 5. liga SE-SI 2012/2013"]
[Site "?"]
[Date "2013.02.23"]
[Round "12.2"]
[White "Drinka, Robert"]
[Black "Lauko, Tomas"]
[Result "1-0"]
[WhiteElo "1290"]
[BlackElo "1000"]
[PlyCount "59"]
[EventDate "2012.??.??"]

1. e4 e5 2. Nf3 d6 3. Bb5+ Nc6 4. d3 h6 5. O-O Bd7 6. Ba4 Qe7 7. Nc3 Nf6 8. Nd5
Nxd5 9. exd5 Na5 10. c4 b6 11. Re1 Nb7 12. b4 g5 13. Bxd7+ Qxd7 14. d4 f6 15.
a4 O-O-O 16. a5 Re8 17. axb6 cxb6 18. Rxa7 Kd8 19. Bb2 Bg7 20. Qa1 Ke7 21. dxe5
g4 22. exf6+ Kf7 23. fxg7 Rhg8 24. Nd4 Rxg7 25. Ne6 Rg6 26. Qa6 Rgxe6 27. Rxe6
Rxe6 28. dxe6+ Qxe6 29. Qxb7+ Kg6 30. Qf7+ 1-0

[Event "SR 5. liga SE-SI 2012/2013"]
[Site "?"]
[Date "2013.02.23"]
[Round "12.3"]
[White "Diviak, Rudolf"]
[Black "Jarabek, Milan"]
[Result "1/2-1/2"]
[WhiteElo "1852"]
[BlackElo "1663"]
[PlyCount "74"]
[EventDate "2012.??.??"]

1. e4 c5 2. Nf3 d6 3. d4 cxd4 4. Nxd4 Nf6 5. Nc3 a6 6. Bc4 e6 7. Bb3 Be7 8. Be3
O-O 9. Qe2 Nc6 10. O-O-O Bd7 11. Rhg1 b5 12. g4 Na5 13. g5 Nxb3+ 14. Nxb3 Ne8
15. Qh5 b4 16. Ne2 a5 17. Rg3 a4 18. Nbd4 b3 19. axb3 a3 20. bxa3 Rxa3 21. Kd2
Qa5+ 22. Nc3 d5 23. exd5 Bb4 24. Nde2 exd5 25. Bd4 Ra2 26. Rf3 Nd6 27. Ng3 Nb5
28. Nge2 Nd6 29. Ng3 Nb5 30. Qh4 Rc8 31. Nge2 Nd6 32. Ng3 Qa3 33. Rc1 Qxb3 34.
Kd1 Bxc3 35. Bxc3 Qc4 36. Qd4 Qxd4+ 37. Bxd4 Bg4 1/2-1/2

[Event "SR 5. liga SE-SI 2012/2013"]
[Site "?"]
[Date "2013.02.23"]
[Round "12.3"]
[White "Drabek, Martin"]
[Black "Mudroch, Martin"]
[Result "0-1"]
[WhiteElo "1516"]
[BlackElo "1309"]
[PlyCount "70"]
[EventDate "2012.??.??"]

1. e4 c6 2. Nf3 d5 3. exd5 cxd5 4. d4 Bg4 5. Nc3 Nf6 6. Be2 e6 7. Qd3 Nbd7 8.
Bf4 Bf5 9. Qd2 Bb4 10. a3 Ne4 11. Qe3 Ba5 12. b4 Bc7 13. Nb5 Bxf4 14. Qxf4 O-O
15. O-O Ndf6 16. Nh4 g5 17. Qe5 gxh4 18. Bd3 Ng4 19. Qc7 Qxc7 20. Nxc7 Rac8 21.
Nxe6 fxe6 22. f3 Nd2 23. fxg4 Bxd3 24. Rxf8+ Kxf8 25. cxd3 Nb3 26. Rf1+ Ke7 27.
Rf4 Rf8 28. Rxf8 Kxf8 29. Kf2 Nxd4 30. Ke3 Nc2+ 31. Kf4 Nxa3 32. g5 Kf7 33. Kg4
Nc2 34. b5 a5 35. Kxh4 a4 0-1

[Event "SR 5. liga SE-SI 2012/2013"]
[Site "?"]
[Date "2013.02.23"]
[Round "12.3"]
[White "Buran, Andrej ml"]
[Black "Zlamal, Marek"]
[Result "1-0"]
[WhiteElo "1152"]
[BlackElo "1551"]
[PlyCount "111"]
[EventDate "2012.??.??"]

1. e4 c5 2. Nf3 Nc6 3. Bc4 e5 4. O-O d6 5. h3 Be6 6. Bb5 a6 7. Bxc6+ bxc6 8.
Nh2 Ne7 9. f4 exf4 10. Rxf4 Ng6 11. Rf1 Be7 12. b3 Bf6 13. c3 O-O 14. d4 cxd4
15. cxd4 Re8 16. Nc3 Bd7 17. Nf3 c5 18. Be3 Rc8 19. Rc1 Qa5 20. Qd2 cxd4 21.
Nxd4 Bc6 22. Nxc6 Rxc6 23. Bd4 Bxd4+ 24. Qxd4 Rec8 25. Rf3 Qg5 26. Rc2 Ne5 27.
Re3 Ng6 28. Qd2 Qc5 29. Kh1 Ne7 30. Rd3 Qe5 31. Rd4 f5 32. exf5 Nxf5 33. Rd5
Ng3+ 34. Kg1 Qf6 35. Rd3 Qf1+ 36. Kh2 Ne4 37. Qe3 Rxc3 38. Rdxc3 Rxc3 39. Rxc3
Nxc3 40. Qxc3 Qf4+ 41. Qg3 Qxg3+ 42. Kxg3 Kf7 43. Kf4 Ke6 44. Ke4 d5+ 45. Kd4
Kd6 46. b4 Kc6 47. a4 g6 48. b5+ axb5 49. axb5+ Kxb5 50. Kxd5 Kb4 51. Ke5 Kc4
52. Kf6 Kd4 53. Kg7 Ke5 54. Kxh7 Kf5 55. Kh6 Kf6 56. g4 1-0

[Event "SR 5. liga SE-SI 2012/2013"]
[Site "?"]
[Date "2013.02.23"]
[Round "12.3"]
[White "Antalek, Rudolf"]
[Black "Hrdlicka, Martin"]
[Result "1-0"]
[WhiteElo "1123"]
[BlackElo "1000"]
[PlyCount "65"]
[EventDate "2012.??.??"]

1. e4 e5 2. Nf3 Nc6 3. Bc4 Bc5 4. c3 d6 5. d4 Nf6 6. dxc5 dxc5 7. Qxd8+ Nxd8 8.
Nxe5 O-O 9. Bg5 Nxe4 10. Bxd8 Rxd8 11. Bxf7+ Kh8 12. Bg6 hxg6 13. Nf7+ Kg8 14.
Nxd8 Bf5 15. Nxb7 Rb8 16. f3 Ng5 17. Nxc5 Rxb2 18. O-O Nf7 19. Na4 Rc2 20. Rf2
Rc1+ 21. Rf1 Rc2 22. Na3 Rd2 23. Rfd1 Re2 24. Re1 Rd2 25. Nb5 Bc2 26. Nc5 Rd5
27. Nxc7 Rxc5 28. Re8+ Kh7 29. Re7 Kg8 30. Ne6 Rxc3 31. Rc1 Ne5 32. Ng5 Nf7 33.
Re8# 1-0

[Event "SR 5. liga SE-SI 2012/2013"]
[Site "?"]
[Date "2013.02.23"]
[Round "12.3"]
[White "Svarc, Vaclav"]
[Black "Spanik, Ondrej"]
[Result "0-1"]
[WhiteElo "1000"]
[BlackElo "1278"]
[PlyCount "60"]
[EventDate "2012.??.??"]

1. d4 f5 2. Nc3 Nf6 3. Bf4 d5 4. Nf3 h6 5. e3 Nc6 6. Bb5 Bd7 7. O-O a6 8. Bxc6
Bxc6 9. Ne5 Bb5 10. Re1 g5 11. Bg3 e6 12. Nxb5 axb5 13. f4 g4 14. Bh4 Be7 15.
Ng6 Rg8 16. Nxe7 Qxe7 17. e4 dxe4 18. b3 c6 19. c4 bxc4 20. bxc4 Kf7 21. Rb1
Rxa2 22. Ra1 Rb2 23. Re2 Qb4 24. Qe1 Qxe1+ 25. Rexe1 Rb4 26. Ra2 Rb8 27. Rea1
e3 28. Ra8 Rxa8 29. Rxa8 Rb1+ 30. Be1 Rxe1# 0-1

[Event "SR 5. liga SE-SI 2012/2013"]
[Site "?"]
[Date "2013.03.09"]
[Round "13.1"]
[White "Jarabek, Milan"]
[Black "Wallner, Juraj"]
[Result "1-0"]
[WhiteElo "1663"]
[BlackElo "1495"]
[PlyCount "59"]
[EventDate "2012.??.??"]

1. e4 c5 2. Nf3 e6 3. d4 d5 4. exd5 exd5 5. Nc3 Nf6 6. Bg5 cxd4 7. Qxd4 Nc6 8.
Qe3+ Be6 9. O-O-O Be7 10. Bxf6 gxf6 11. Nd4 Bc5 12. Bb5 Qb6 13. Nxd5 Qd8 14.
Nf4 Qe7 15. Bxc6+ bxc6 16. Nfxe6 fxe6 17. Qxe6 Qxe6 18. Nxe6 Bb6 19. f3 Kf7 20.
Nd4 c5 21. Nb5 a6 22. Nc3 a5 23. Rhe1 a4 24. Rd7+ Kg6 25. Ree7 a3 26. b3 Ba5
27. Ne4 Bd8 28. Rg7+ Kh6 29. g4 Ra6 30. Ng3 1-0

[Event "SR 5. liga SE-SI 2012/2013"]
[Site "?"]
[Date "2013.03.09"]
[Round "13.1"]
[White "Nemeckay, Dominik"]
[Black "Drabek, Martin"]
[Result "1-0"]
[WhiteElo "1424"]
[BlackElo "1516"]
[PlyCount "89"]
[EventDate "2012.??.??"]

1. e4 e5 2. Nf3 Nc6 3. Bc4 Bc5 4. c3 d6 5. d4 exd4 6. cxd4 Bb6 7. O-O Bg4 8.
Bb5 Bd7 9. Nc3 h6 10. d5 Ne5 11. Nxe5 dxe5 12. Bc4 Nf6 13. Qf3 O-O 14. Qg3 Nh5
15. Qxe5 Nf6 16. Qg3 Kh8 17. Re1 Ng4 18. Re2 Bxf2+ 19. Rxf2 Nxf2 20. Qxf2 Qe7
21. Bd2 f5 22. Re1 fxe4 23. Rxe4 Qd6 24. Qh4 Bf5 25. Re7 Qg6 26. Be2 Bd3 27.
Bxh6 Qxh6 28. Qxh6+ gxh6 29. Bxd3 Rae8 30. Re6 Kg7 31. h3 a6 32. a4 Rd8 33.
Re7+ Kf6 34. Rxc7 Rb8 35. d6 Rfd8 36. Ne4+ Ke6 37. Re7+ Kd5 38. b3 Rxd6 39.
Nxd6 Kxd6 40. Rh7 Kc5 41. Rxh6 Rd8 42. Bc4 Rd1+ 43. Kh2 b5 44. axb5 axb5 45.
Rh5+ 1-0

[Event "SR 5. liga SE-SI 2012/2013"]
[Site "?"]
[Date "2013.03.09"]
[Round "13.1"]
[White "Bakos, Adrian"]
[Black "Tomasovic, Roman"]
[Result "0-1"]
[WhiteElo "1281"]
[BlackElo "1277"]
[PlyCount "78"]
[EventDate "2012.??.??"]

1. e4 e5 2. Nf3 Nc6 3. d4 exd4 4. Nxd4 Nxd4 5. Qxd4 Qf6 6. e5 Qb6 7. Qf4 Qb4+
8. Nc3 Qxf4 9. Bxf4 Bb4 10. Bc4 Ne7 11. O-O Bxc3 12. bxc3 O-O 13. Rfe1 b6 14.
Rad1 h6 15. Bg3 Re8 16. Rd3 Nf5 17. Rf3 d6 18. h3 Be6 19. Bb5 Re7 20. Bc6 Rd8
21. Rd1 Nxg3 22. Rxg3 Bf5 23. f4 Bxc2 24. Rd2 Bg6 25. Bd5 Kh7 26. Bc4 Bf5 27.
Re3 Be6 28. Bd3+ Kh8 29. f5 Bc8 30. Bc4 Bxf5 31. g4 Bd7 32. Rde2 Rde8 33. Rd3
Rxe5 34. Rxe5 Rxe5 35. Bxf7 Be6 36. Bg6 Bxa2 37. Kf2 Re7 38. Rf3 Kg8 39. Bf5 a5
0-1

[Event "SR 5. liga SE-SI 2012/2013"]
[Site "?"]
[Date "2013.03.09"]
[Round "13.1"]
[White "Tomasovic, Pavol"]
[Black "Spanik, Ondrej"]
[Result "0-1"]
[WhiteElo "1304"]
[BlackElo "1278"]
[PlyCount "78"]
[EventDate "2012.??.??"]

1. e4 e5 2. Nf3 Nc6 3. Bb5 d6 4. O-O a6 5. Ba4 b5 6. Bb3 Nf6 7. c3 Nxe4 8. Bd5
Bb7 9. Bxe4 d5 10. Bc2 e4 11. Qe2 Bd6 12. d4 h6 13. Ne1 O-O 14. f3 f5 15. fxe4
dxe4 16. Bb3+ Kh8 17. Qh5 Qf6 18. Bf4 Na5 19. Bd1 Bxf4 20. Rxf4 g5 21. Rf1 Nc4
22. Qe2 f4 23. Nc2 Nxb2 24. Nd2 e3 25. Nf3 Rae8 26. Ne5 Qe6 27. Qh5 Re7 28.
Ng6+ Kg7 29. Nxe7 Nxd1 30. Rfxd1 Qxe7 31. Re1 Qe4 32. Qf3 Qxf3 33. gxf3 Bxf3
34. Rf1 Bh5 35. Rfe1 e2 36. Kf2 f3 37. Ne3 g4 38. Nd5 Rf7 39. Ne3 Re7 0-1

[Event "SR 5. liga SE-SI 2012/2013"]
[Site "?"]
[Date "2013.03.09"]
[Round "13.1"]
[White "Spacek, Jan"]
[Black "Drinka, Robert"]
[Result "0-1"]
[WhiteElo "1000"]
[BlackElo "1290"]
[PlyCount "106"]
[EventDate "2012.??.??"]

1. e4 e5 2. Nf3 Nc6 3. Bc4 Nf6 4. d3 Bc5 5. Bg5 Na5 6. Nc3 Nxc4 7. dxc4 d6 8.
Nd5 c6 9. Nxf6+ gxf6 10. Bh6 f5 11. Qe2 f4 12. O-O-O Bg4 13. h3 Bh5 14. Bg5
Bxf3 15. Qxf3 Qxg5 16. h4 Qh6 17. c3 Rg8 18. Rh2 O-O-O 19. b4 Bb6 20. b5 Bc5
21. bxc6 bxc6 22. Kc2 Qg6 23. Rb1 f5 24. Qh3 Qg4 25. Qf3 fxe4 26. Qxe4 Qg6 27.
Qd3 Qxd3+ 28. Kxd3 Bxf2 29. Rb2 Bb6 30. a4 Rd7 31. Ra2 a5 32. Rb2 Rb7 33. Ke2
h5 34. Kf3 Bc7 35. Rxb7 Kxb7 36. Rh1 Rg3+ 37. Ke2 Rxg2+ 38. Kf3 Rg3+ 39. Kf2
Bb6+ 40. Ke2 Rxc3 41. Ra1 Re3+ 42. Kd2 Bc5 43. Rb1+ Ka8 44. Rd1 Ra3 45. Kc2
Rxa4 46. Kb3 Ra3+ 47. Kb2 Rh3 48. Rg1 Bxg1 49. Ka2 f3 50. Kb3 f2+ 51. Ka4 f1=Q
52. c5 Qc4+ 53. Kxa5 Qb5# 0-1

[Event "SR 5. liga SE-SI 2012/2013"]
[Site "?"]
[Date "2013.03.09"]
[Round "13.2"]
[White "Beran, Jan st"]
[Black "Sladek, Michal"]
[Result "1/2-1/2"]
[WhiteElo "1703"]
[BlackElo "1000"]
[PlyCount "59"]
[EventDate "2012.??.??"]

1. d4 d5 2. c4 Nf6 3. Nc3 c6 4. e3 a6 5. Bd3 Be6 6. cxd5 Nxd5 7. Nf3 Bg4 8. h3
Bh5 9. O-O e6 10. a3 Be7 11. Be2 Nd7 12. Bd2 O-O 13. Rc1 Rc8 14. Be1 Bd6 15. e4
Nf4 16. e5 Bc7 17. Ne4 Bg6 18. Ng3 f6 19. Bc4 fxe5 20. dxe5 Nxe5 21. Nxe5 Bxe5
22. Bc3 Bxc3 23. Rxc3 h5 24. Ne2 Qxd1 25. Rxd1 Nxe2+ 26. Bxe2 Rcd8 27. Rxd8
Rxd8 28. b4 Rd2 29. Re3 Bf7 30. g3 1/2-1/2

[Event "SR 5. liga SE-SI 2012/2013"]
[Site "?"]
[Date "2013.03.09"]
[Round "13.2"]
[White "Cambal, Peter"]
[Black "Sukopcak, Miroslav"]
[Result "0-1"]
[WhiteElo "1000"]
[BlackElo "1712"]
[PlyCount "72"]
[EventDate "2012.??.??"]

1. e4 c5 2. Nf3 d6 3. d4 cxd4 4. Nxd4 a6 5. Be2 e5 6. Nf3 Be7 7. Nc3 Nf6 8. Be3
Bg4 9. O-O Nc6 10. Nd5 Nxd5 11. Qxd5 O-O 12. h3 Be6 13. Qd2 Qc7 14. c3 Rad8 15.
Bg5 f6 16. Be3 d5 17. exd5 Bxd5 18. Ne1 Bxg2 19. Nd3 Bxf1 20. Rxf1 e4 21. Bf4
Qc8 22. Bg4 f5 23. Be2 exd3 24. Bxd3 Qd7 25. Rd1 Kh8 26. Kh2 Bd6 27. Bc2 Bxf4+
28. Qxf4 Qe6 29. Bb3 Qe5 30. Qxe5 Nxe5 31. Rc1 Rd2 32. Rf1 Rxb2 33. Bd5 b5 34.
Kg3 f4+ 35. Kh4 Rc2 36. Re1 Ng6+ 0-1

[Event "SR 5. liga SE-SI 2012/2013"]
[Site "?"]
[Date "2013.03.09"]
[Round "13.2"]
[White "Vasek, Rudolf"]
[Black "Svrcek, Daniel"]
[Result "1-0"]
[WhiteElo "1453"]
[BlackElo "1000"]
[PlyCount "83"]
[EventDate "2012.??.??"]

1. d4 d5 2. f4 Nf6 3. Nf3 Bf5 4. Nc3 Nc6 5. a3 e6 6. e3 Bd6 7. Bd3 O-O 8. Bxf5
exf5 9. O-O Ne4 10. Nxd5 Be7 11. Nxe7+ Qxe7 12. c3 Rad8 13. Bd2 Nxd2 14. Nxd2
Qxe3+ 15. Kh1 Rfe8 16. Rf3 Qe6 17. Qf1 Qd5 18. Nc4 Na5 19. Nxa5 Qxa5 20. Qd3
Qd5 21. c4 Qe4 22. Raf1 Qxd3 23. Rxd3 Re7 24. Rd2 Rde8 25. Kg1 Re1 26. Kf2
Rxf1+ 27. Kxf1 Re4 28. g3 g6 29. Kf2 b6 30. b4 a5 31. b5 c5 32. bxc6 Re6 33. d5
Re7 34. d6 Re8 35. d7 Rd8 36. c7 Rxd7 37. c8=Q+ Kg7 38. Qxd7 Kf6 39. Qc6+ Kg7
40. Rd7 b5 41. Qd5 bxc4 42. Qxf7+ 1-0